000 00270nam a2200109Ia 4500
008 190216s9999||||xx |||||||||||||| ||und||
100 _aSaxena
245 0 _aAruns Guide To Medical College Entranc Exams
260 _bYoung Man & Co
650 _aReferences
942 _cREF
999 _c35721
_d35721